[Event "Titled Tue 24th Jun Early"]
[Site "chess.com INT"]
[Date "2025.06.24"]
[Round "5"]
[White "Medina, VInce Angelo"]
[Black "Hernandez Leon, Sergio"]
[Result "1-0"]
[BlackTitle "CM"]
[WhiteElo "2138"]
[BlackElo "2102"]
[WhiteFideId "5205069"]
[BlackFideId "2285622"]
[EventDate "2025.06.24"]

1. d4 Nf6 2. Bg5 d5 3. Bxf6 exf6 4. e3 c5 5. c3 Nc6 6. Nd2 Be6 7. Ne2 g6 8. g3
Bg7 9. Bg2 cxd4 10. cxd4 O-O 11. O-O f5 12. Nf4 Qd7 13. Qb3 Na5 14. Qa3 b6 15.
Rac1 Rfc8 16. h4 Bf8 17. Qd3 Nc4 18. Nxe6 Nxd2 19. Nxf8 1-0

[Event "Titled Tue 24th Jun Early"]
[Site "chess.com INT"]
[Date "2025.06.24"]
[Round "5"]
[White "Ersoz, Teoman Guney"]
[Black "Blackburn, Jonathan L B"]
[Result "1-0"]
[WhiteTitle "CM"]
[BlackTitle "FM"]
[WhiteElo "2052"]
[BlackElo "2207"]
[WhiteFideId "44537050"]
[BlackFideId "1801090"]
[EventDate "2025.06.24"]

1. d4 Nf6 2. Nc3 d5 3. Bg5 e6 4. e4 dxe4 5. Nxe4 Be7 6. Bxf6 gxf6 7. Nf3 f5 8.
Nc3 a6 9. g3 b5 10. Bg2 Bb7 11. O-O c5 12. d5 b4 13. dxe6 bxc3 14. exf7+ Kf8 15.
Qc1 Nd7 16. Rd1 Bxf3 17. Qh6+ Kxf7 18. Bxf3 Ra7 19. Bd5+ Ke8 20. Qh5+ Kf8 21.
Qf7# 1-0

[Event "Titled Tue 24th Jun Early"]
[Site "chess.com INT"]
[Date "2025.06.24"]
[Round "5"]
[White "Logachiov, Aleksandr"]
[Black "Janukshan, B"]
[Result "1-0"]
[WhiteTitle "CM"]
[BlackTitle "CM"]
[WhiteElo "2129"]
[BlackElo "1937"]
[WhiteFideId "24123706"]
[BlackFideId "29945399"]
[EventDate "2025.06.24"]

1. d4 d5 2. c4 e6 3. Nc3 Nf6 4. cxd5 exd5 5. Bg5 Nbd7 6. e3 Bb4 7. Bd3 c6 8. Nf3
Qa5 9. Qc2 O-O 10. O-O h6 11. Bf4 Re8 12. Ne5 Nf8 13. a3 Bxc3 14. bxc3 Ne6 15.
Bg3 c5 16. Bh4 Nd7 17. Bh7+ Kf8 18. Nxf7 Kxf7 19. Bg6+ Kf8 20. Bxe8 g5 21. Qg6
Ng7 22. Qf7# 1-0

[Event "Titled Tue 24th Jun Early"]
[Site "chess.com INT"]
[Date "2025.06.24"]
[Round "5"]
[White "Golis, Wiktor"]
[Black "Shubhi Gupta"]
[Result "1-0"]
[WhiteTitle "FM"]
[BlackTitle "WFM"]
[WhiteElo "2307"]
[BlackElo "2188"]
[WhiteFideId "21055874"]
[BlackFideId "25195425"]
[EventDate "2025.06.24"]

1. Nf3 d5 2. e3 Nf6 3. c4 e6 4. Nc3 Be7 5. b3 c5 6. cxd5 exd5 7. d4 Nc6 8. Bb2
O-O 9. Be2 Bg4 10. O-O Rc8 11. Rc1 cxd4 12. Nxd4 Bd7 13. Bf3 Be6 14. Nxe6 fxe6
15. Ne2 e5 16. Ng3 e4 17. Bg4 Nxg4 18. Qxg4 Bf6 19. Ba3 Rf7 20. Rfd1 d4 21. Nxe4
d3 22. Nd6 Rd7 23. Nxc8 d2 24. Rc2 Ne5 25. Qe6+ Kh8 26. Nd6 1-0

[Event "Titled Tue 24th Jun Early"]
[Site "chess.com INT"]
[Date "2025.06.24"]
[Round "5"]
[White "Kovalev, Vladislav"]
[Black "Goncharov, Vladimir"]
[Result "1-0"]
[WhiteTitle "GM"]
[WhiteElo "2557"]
[BlackElo "2077"]
[WhiteFideId "13504398"]
[BlackFideId "34162256"]
[EventDate "2025.06.24"]

1. e4 e6 2. d4 d5 3. Nd2 Be7 4. e5 c5 5. c3 Nc6 6. Bd3 Nh6 7. Ne2 cxd4 8. cxd4
Nf5 9. Nf3 Nh4 10. Nxh4 Bxh4 11. a3 O-O 12. g3 Be7 13. O-O f5 14. h4 Bd7 15. b4
Qb6 16. Be3 Rac8 17. Qd2 a5 18. b5 Na7 19. a4 Rc7 20. Rfc1 Rfc8 21. Rxc7 Rxc7
22. Qe1 Nc8 23. Bd2 Qa7 24. Bxa5 Nb6 25. Bxb6 Qxb6 26. a5 1-0

[Event "Titled Tue 24th Jun Early"]
[Site "chess.com INT"]
[Date "2025.06.24"]
[Round "5"]
[White "Barseghyan, Armen Ar."]
[Black "Zeliantsova, Kseniya"]
[Result "1-0"]
[WhiteTitle "IM"]
[BlackTitle "WFM"]
[WhiteElo "2348"]
[BlackElo "2062"]
[WhiteFideId "13306707"]
[BlackFideId "13512617"]
[EventDate "2025.06.24"]

1. d4 Nf6 2. Nf3 g6 3. g3 Bg7 4. Bg2 O-O 5. O-O d6 6. Nc3 Nbd7 7. e4 e5 8. a4 c6
9. h3 Qc7 10. Re1 Re8 11. Be3 Nf8 12. Qd2 Bd7 13. Rad1 Rad8 14. Bg5 Ne6 15. Be3
exd4 16. Nxd4 Nc5 17. Bf4 Nh5 18. Bg5 Bxd4 19. Bxd8 Bxc3 20. Bxc7 Bxd2 21. Rxd2
d5 22. Rdd1 dxe4 23. b4 Rc8 24. Be5 1-0

[Event "Titled Tue 24th Jun Early"]
[Site "chess.com INT"]
[Date "2025.06.24"]
[Round "5"]
[White "Do Nascimento, Davi Alves"]
[Black "Frempong-Smart Daniel"]
[Result "1-0"]
[WhiteTitle "CM"]
[BlackTitle "CM"]
[WhiteElo "2054"]
[BlackElo "1841"]
[WhiteFideId "2192950"]
[BlackFideId "12601659"]
[EventDate "2025.06.24"]

1. d4 Nf6 2. c4 e6 3. Nf3 b6 4. g3 Bb7 5. Bg2 Bb4+ 6. Nbd2 O-O 7. O-O d5 8. Qc2
Nbd7 9. cxd5 exd5 10. a3 Bd6 11. b4 Rc8 12. b5 c5 13. bxc6 Bxc6 14. Qa2 Re8 15.
Re1 Ne4 16. Nxe4 dxe4 17. Ng5 Qf6 18. d5 Bxd5 19. Qxd5 Qxa1 20. Nxf7 Rxc1 21.
Nh6+ 1-0

[Event "Titled Tue 24th Jun Early"]
[Site "chess.com INT"]
[Date "2025.06.24"]
[Round "5"]
[White "Yatskar, Martin"]
[Black "Filippova, Margarita"]
[Result "1-0"]
[WhiteTitle "CM"]
[BlackTitle "WFM"]
[WhiteElo "2225"]
[BlackElo "2026"]
[WhiteFideId "34109676"]
[BlackFideId "34199680"]
[EventDate "2025.06.24"]

1. d4 d5 2. c4 dxc4 3. e4 e5 4. Nf3 exd4 5. Bxc4 Nc6 6. O-O Be6 7. Bb5 Bc5 8. b4
Bb6 9. a4 a5 10. Bxc6+ bxc6 11. bxa5 Rxa5 12. Bd2 Ra8 13. a5 Ba7 14. Qa4 Ne7 15.
Rc1 O-O 16. Bb4 d3 17. Nbd2 Bd7 18. Bc5 Ng6 19. g3 Re8 20. Qd4 Bg4 21. Bxa7 Bxf3
22. Nxf3 d2 23. Nxd2 Ne5 24. Qxd8 Rexd8 25. Be3 Rxd2 26. Bxd2 Nf3+ 27. Kg2 Nxd2
28. Rxc6 Nxe4 29. Rxc7 h5 30. a6 Nd6 31. a7 Nb5 32. Rb7 1-0

[Event "Titled Tue 24th Jun Early"]
[Site "chess.com INT"]
[Date "2025.06.24"]
[Round "5"]
[White "Chiang, Jacob"]
[Black "Leiva, Gianmarco"]
[Result "0-1"]
[BlackTitle "IM"]
[WhiteElo "2006"]
[BlackElo "2387"]
[WhiteFideId "30962331"]
[BlackFideId "3804399"]
[EventDate "2025.06.24"]

1. c4 e6 2. Nc3 d5 3. d4 a6 4. Nf3 dxc4 5. a4 Nc6 6. e4 Na5 7. Ne5 Nb3 8. Ra3
Bxa3 9. bxa3 Qxd4 10. Qxd4 Nxd4 11. Bxc4 f6 12. Nd3 Ne7 13. O-O b6 14. Be3 Ndc6
15. Nf4 Kf7 16. Rc1 Rd8 17. Nce2 Ne5 18. Bb3 g5 19. Nh5 c5 20. a5 c4 21. Bxb6
Rd2 22. Bd1 Bb7 23. Be3 Rd7 24. Nhg3 Rad8 25. Ba4 Bc6 26. Bc2 h5 27. Nxh5 Bxe4
28. Bb6 Bxc2 29. Bxd8 Rxd8 30. f4 gxf4 31. Rxc2 Rd1+ 32. Kf2 Nd3+ 33. Kf3 Ne1+
34. Kxf4 Nxc2 35. Nc3 Nd5+ 36. Nxd5 Rxd5 37. Ng3 Nxa3 0-1

[Event "Titled Tue 24th Jun Early"]
[Site "chess.com INT"]
[Date "2025.06.24"]
[Round "5"]
[White "Cernov, Henrik"]
[Black "Cornelisse, Lorelei"]
[Result "1-0"]
[WhiteTitle "FM"]
[BlackTitle "WFM"]
[WhiteElo "2325"]
[BlackElo "2138"]
[WhiteFideId "16258312"]
[BlackFideId "1087177"]
[EventDate "2025.06.24"]

1. e4 e5 2. Nc3 Nf6 3. d4 Bb4 4. dxe5 Nxe4 5. Qg4 Nxc3 6. Qxb4 Nd5 7. Qg4 g6 8.
Bg5 Ne7 9. Qh4 h6 10. Bf6 Rh7 11. Nf3 c6 12. O-O-O Qa5 13. Bxe7 Qxa2 14. Bd6
Qa1+ 15. Kd2 Qa5+ 16. b4 Qd5+ 17. Kc1 Qe6 18. Bc4 g5 19. Nxg5 Qg6 20. Nxh7 1-0

[Event "Titled Tue 24th Jun Early"]
[Site "chess.com INT"]
[Date "2025.06.24"]
[Round "5"]
[White "Chernov, Alexander A."]
[Black "Navarro Lopez-Menchero, Daniel"]
[Result "1-0"]
[WhiteTitle "FM"]
[BlackTitle "FM"]
[WhiteElo "2314"]
[BlackElo "2240"]
[WhiteFideId "4152492"]
[BlackFideId "2297370"]
[EventDate "2025.06.24"]

1. d4 d5 2. Nc3 Nf6 3. Bg5 e6 4. e4 Bb4 5. e5 h6 6. Bd2 Bxc3 7. Bxc3 Ne4 8. Ba5
b6 9. Bd2 c5 10. c3 O-O 11. Be3 f5 12. g3 Ba6 13. Bxa6 Nxa6 14. Ne2 Nc7 15. h4
Qe7 16. Kf1 Rac8 17. Kg2 g5 18. hxg5 hxg5 19. f3 Nxg3 20. Nxg3 f4 21. Nh5 fxe3
22. Qd3 Ne8 23. Qg6+ Qg7 24. Nxg7 1-0

[Event "Titled Tue 24th Jun Early"]
[Site "chess.com INT"]
[Date "2025.06.24"]
[Round "5"]
[White "Sahetchian, Armand"]
[Black "Gunawardhana, Devindya Oshini"]
[Result "0-1"]
[WhiteTitle "CM"]
[BlackTitle "WIM"]
[WhiteElo "2024"]
[BlackElo "2121"]
[WhiteFideId "607150"]
[BlackFideId "29941482"]
[EventDate "2025.06.24"]

1. d4 d5 2. Nf3 Nf6 3. c4 e6 4. Nc3 Bb4 5. Qb3 Nc6 6. Bg5 O-O 7. e3 dxc4 8. Bxc4
Be7 9. Bd3 h6 10. Bh4 a5 11. O-O b6 12. Rfd1 Bb7 13. Rac1 Nd5 14. Bxe7 Ncxe7 15.
a3 Nxc3 16. Qxc3 Bxf3 17. gxf3 Nd5 18. f4 Nxc3 0-1

[Event "Titled Tue 24th Jun Early"]
[Site "chess.com INT"]
[Date "2025.06.24"]
[Round "5"]
[White "Ugarte Soto, Cesar"]
[Black "Mohamed, Anees M"]
[Result "0-1"]
[WhiteTitle "CM"]
[BlackTitle "FM"]
[WhiteElo "2088"]
[BlackElo "2431"]
[WhiteFideId "3601331"]
[BlackFideId "35065815"]
[EventDate "2025.06.24"]

1. d4 f5 2. Bg5 g6 3. h4 h6 4. Bf4 Nf6 5. Nf3 Bg7 6. e3 d6 7. Bc4 e6 8. Nbd2 Nc6
9. c3 Qe7 10. a4 Bd7 11. a5 a6 12. Qb3 O-O-O 13. Qa2 e5 14. dxe5 dxe5 15. Bh2
Ng4 16. Bg1 e4 17. Nd4 Nxd4 18. cxd4 f4 19. Bd5 fxe3 20. fxe3 Bb5 21. Be6+ Bd7
22. Bd5 Rhe8 23. Qb3 Bb5 24. Bxe4 Qd6 25. O-O-O Kb8 26. Bxg6 Qxg6 0-1

[Event "Titled Tue 24th Jun Early"]
[Site "chess.com INT"]
[Date "2025.06.24"]
[Round "5"]
[White "Seder, Mohammed"]
[Black "Baskakov, Egor"]
[Result "0-1"]
[WhiteTitle "FM"]
[BlackTitle "CM"]
[WhiteElo "2075"]
[BlackElo "2215"]
[WhiteFideId "11505567"]
[BlackFideId "24197866"]
[EventDate "2025.06.24"]

1. d4 Nf6 2. Nc3 d5 3. Bf4 Bf5 4. e3 e6 5. Nf3 Bd6 6. Ne5 h6 7. Bd3 Bxd3 8. Qxd3
a6 9. O-O Nbd7 10. Nxd7 Qxd7 11. Bxd6 Qxd6 12. e4 dxe4 13. Nxe4 Nxe4 14. Qxe4
O-O-O 15. Rfd1 Qb4 16. a3 Qb5 17. a4 Qd5 18. Qxd5 Rxd5 19. c4 Rd6 20. Rd3 Rhd8
21. Rad1 c5 22. d5 exd5 23. cxd5 c4 24. Rd4 b5 25. f3 Kb7 26. Kf2 Kb6 27. axb5
axb5 28. b3 cxb3 29. Rb4 Rxd5 30. Rb1 Rd3 31. R4xb3 Rxb3 32. Rxb3 Rd2+ 33. Kg3
Rc2 34. Re3 b4 35. Re7 b3 36. Re3 b2 37. Rb3+ Ka5 38. h4 Ka4 39. Rb8 Ka3 40.
Ra8+ Kb3 41. Rb8+ Ka2 42. Ra8+ Kb1 0-1

[Event "Titled Tue 24th Jun Early"]
[Site "chess.com INT"]
[Date "2025.06.24"]
[Round "5"]
[White "Khoo-Thwe, Louis"]
[Black "Sharapov, Yevhen"]
[Result "1-0"]
[WhiteTitle "CM"]
[BlackTitle "GM"]
[WhiteElo "2214"]
[BlackElo "2375"]
[WhiteFideId "1538756"]
[BlackFideId "14103133"]
[EventDate "2025.06.24"]

1. e4 c5 2. Nf3 d6 3. Nc3 e5 4. Bc4 Be7 5. d3 Nc6 6. a3 Nf6 7. h3 O-O 8. Be3 Nd4
9. Bxd4 cxd4 10. Nd5 Nxd5 11. Bxd5 Be6 12. Bxe6 fxe6 13. O-O Kh8 14. c3 dxc3 15.
bxc3 Qc7 16. Qb3 Rf6 17. d4 exd4 18. cxd4 Rc8 19. Rac1 Qd7 20. e5 Rf4 21. exd6
Bxd6 22. Ng5 Rf6 23. Rxc8+ Qxc8 24. Ne4 Be7 25. Nxf6 Bxf6 26. Re1 Bxd4 27. Qxe6
Qxe6 28. Rxe6 h6 29. a4 a5 30. Kf1 b6 31. f3 Kg8 32. Ke2 Kf7 33. Rc6 Bc5 34. Kd3
Ke7 35. Kc4 Bg1 36. Kb5 1-0

[Event "Titled Tue 24th Jun Early"]
[Site "chess.com INT"]
[Date "2025.06.24"]
[Round "5"]
[White "Kleimenov, Nikolay"]
[Black "Rieger, Robert"]
[Result "1-0"]
[WhiteTitle "CM"]
[BlackTitle "FM"]
[WhiteElo "2199"]
[BlackElo "2334"]
[WhiteFideId "34414223"]
[BlackFideId "1625527"]
[EventDate "2025.06.24"]

1. e4 c5 2. Nf3 Nc6 3. Bb5 g6 4. Bxc6 dxc6 5. O-O Bg7 6. d3 e5 7. Be3 Qe7 8. a3
a5 9. Nbd2 Nf6 10. Nc4 Nd7 11. a4 b6 12. Qd2 Ba6 13. c3 O-O 14. Qc2 Bxc4 15.
dxc4 f5 16. Rad1 f4 17. Bc1 g5 18. h3 h6 19. b3 h5 20. Nxg5 Qxg5 21. Rxd7 Rad8
22. Rfd1 Rxd7 23. Rxd7 Qg6 24. f3 1-0

[Event "Titled Tue 24th Jun Early"]
[Site "chess.com INT"]
[Date "2025.06.24"]
[Round "5"]
[White "Jiang, Andrew"]
[Black "Arya G Mallar"]
[Result "1-0"]
[WhiteTitle "FM"]
[BlackTitle "WCM"]
[WhiteElo "2242"]
[BlackElo "2000"]
[WhiteFideId "30953510"]
[BlackFideId "25115324"]
[EventDate "2025.06.24"]

1. e4 c5 2. Nf3 d6 3. d4 cxd4 4. Nxd4 Nf6 5. Nc3 g6 6. f3 Bg7 7. Be3 O-O 8. Qd2
Nc6 9. O-O-O d5 10. Nxc6 bxc6 11. Bh6 Rb8 12. Bxg7 Kxg7 13. e5 Nd7 14. h4 Qb6
15. b3 Nxe5 16. h5 Rh8 17. hxg6 fxg6 18. Qh6+ Kf7 19. Qf4+ Ke6 20. Re1 Qc7 21.
g3 g5 22. Bh3+ 1-0

[Event "Titled Tue 24th Jun Early"]
[Site "chess.com INT"]
[Date "2025.06.24"]
[Round "5"]
[White "Predein, Vladimir"]
[Black "Mangialardo, Tiago Carvalho"]
[Result "1-0"]
[WhiteTitle "IM"]
[WhiteElo "2373"]
[BlackElo "1979"]
[WhiteFideId "4117786"]
[BlackFideId "2130718"]
[EventDate "2025.06.24"]

1. e4 e5 2. Nf3 Nc6 3. Bb5 a6 4. Ba4 Nf6 5. O-O Nxe4 6. d4 b5 7. Bb3 d5 8. Nxe5
Nxe5 9. dxe5 Be6 10. c3 Bc5 11. Nd2 Nxd2 12. Bxd2 O-O 13. Qe2 Qh4 14. Be3 Qe4
15. Rfe1 Be7 16. Qh5 g6 17. Qh6 Qf5 18. Rad1 Rfd8 19. Rd2 Bf8 20. Qh4 Qxe5 21.
Rde2 Qf5 22. Bg5 Re8 23. Bc2 Qg4 24. Qxg4 Bxg4 25. Rxe8 Rxe8 26. Rxe8 1-0

[Event "Titled Tue 24th Jun Early"]
[Site "chess.com INT"]
[Date "2025.06.24"]
[Round "5"]
[White "Andrade, Ivan"]
[Black "Liu, Xiangyi"]
[Result "0-1"]
[WhiteTitle "FM"]
[BlackTitle "IM"]
[WhiteElo "2144"]
[BlackElo "2370"]
[WhiteFideId "14800039"]
[BlackFideId "8605718"]
[EventDate "2025.06.24"]

1. e4 e6 2. d4 d5 3. Nc3 h6 4. e5 b6 5. Nf3 Ne7 6. Bb5+ c6 7. Bd3 Ba6 8. O-O c5
9. Bb5+ Nec6 10. a4 Be7 11. Re1 O-O 12. Ne2 Qd7 13. Qd3 c4 14. Qd1 Bxb5 15. axb5
Nd8 16. Nc3 Bb4 17. Bf4 Bxc3 18. bxc3 Qxb5 19. Qd2 Kh7 20. h4 Nd7 21. Rab1 Qc6
22. Re3 Rh8 23. g4 Nf8 24. h5 Kg8 25. Kg2 a5 26. Qc1 Rb8 27. Qa3 Qd7 28. Rh1 Nc6
29. g5 hxg5 30. Nxg5 Qe7 31. Rg3 Qxa3 0-1

[Event "Titled Tue 24th Jun Early"]
[Site "chess.com INT"]
[Date "2025.06.24"]
[Round "5"]
[White "Wan, Yunguo"]
[Black "Abdsattar, Alisher"]
[Result "1-0"]
[WhiteTitle "GM"]
[BlackTitle "CM"]
[WhiteElo "2501"]
[BlackElo "2030"]
[WhiteFideId "8603189"]
[BlackFideId "13749358"]
[EventDate "2025.06.24"]

1. e4 e6 2. d4 d5 3. e5 c5 4. c3 Nc6 5. Nf3 Nge7 6. Na3 Bd7 7. Bd3 cxd4 8. cxd4
Nf5 9. Nc2 Nb4 10. Nxb4 Bxb4+ 11. Bd2 Bxd2+ 12. Qxd2 Qb6 13. Bxf5 exf5 14. O-O
h6 15. Rfc1 g5 16. Rc5 Be6 17. Rac1 Kd7 18. h4 g4 19. Ne1 Rac8 20. Nd3 Ke7 21.
Nf4 Rhd8 22. Nh5 Rxc5 23. Rxc5 Rc8 24. Rxc8 Bxc8 25. Nf6 Be6 26. h5 f4 27. Qxf4
Qxb2 28. Qxh6 Qxd4 29. Qg5 Qa1+ 30. Kh2 d4 31. h6 d3 32. h7 d2 33. h8=Q 1-0

[Event "Titled Tue 24th Jun Early"]
[Site "chess.com INT"]
[Date "2025.06.24"]
[Round "5"]
[White "Bakalchuk, Johnatan"]
[Black "Dubnevych, Maksym"]
[Result "0-1"]
[WhiteTitle "IM"]
[BlackTitle "FM"]
[WhiteElo "2438"]
[BlackElo "2296"]
[WhiteFideId "2810301"]
[BlackFideId "14184001"]
[EventDate "2025.06.24"]

1. d4 Nf6 2. Nc3 d5 3. Bf4 e6 4. Nb5 Bd6 5. Nxd6+ cxd6 6. e3 O-O 7. Nf3 Nc6 8.
h3 Re8 9. Be2 h6 10. O-O e5 11. Bh2 Bf5 12. c3 Rc8 13. Qb3 Qe7 14. Qa3 a6 15.
Rfd1 Rcd8 16. Rac1 Ne4 17. c4 dxc4 18. dxe5 d5 19. Qxe7 Nxe7 20. b3 b5 21. a3
cxb3 22. Nd4 b2 23. Rc7 Rc8 24. e6 Rxc7 25. Bxc7 Rc8 0-1

[Event "Titled Tue 24th Jun Early"]
[Site "chess.com INT"]
[Date "2025.06.24"]
[Round "5"]
[White "Murthy, Pappu"]
[Black "Novikova, Marharyta"]
[Result "0-1"]
[BlackTitle "WCM"]
[WhiteElo "1838"]
[BlackElo "1974"]
[WhiteFideId "2013401"]
[BlackFideId "14109689"]
[EventDate "2025.06.24"]

1. e4 d5 2. exd5 Qxd5 3. Nc3 Qd6 4. d4 Nf6 5. Nf3 Bg4 6. h3 Bh5 7. g4 Bg6 8. Ne5
Nc6 9. Nb5 Qd8 10. Nxc6 bxc6 11. Nc3 e6 12. Bg2 Nd5 13. Bd2 Be7 14. Qe2 O-O 15.
O-O-O Rb8 16. Ne4 Nb4 17. Bxb4 Rxb4 18. c3 Ra4 19. Kb1 Qd5 20. a3 Bxa3 21. Kc1
Bxb2+ 0-1

[Event "Titled Tue 24th Jun Early"]
[Site "chess.com INT"]
[Date "2025.06.24"]
[Round "5"]
[White "Willim, Michael"]
[Black "Rabin, Evan"]
[Result "0-1"]
[WhiteTitle "CM"]
[WhiteElo "2024"]
[BlackElo "1945"]
[WhiteFideId "4632435"]
[BlackFideId "2028670"]
[EventDate "2025.06.24"]

1. c4 Nf6 2. Nf3 e6 3. g3 b6 4. Bg2 Bb7 5. O-O Be7 6. Nc3 O-O 7. Re1 d5 8. cxd5
exd5 9. d4 c5 10. Ne5 Nc6 11. Nxc6 Bxc6 12. Bg5 c4 13. e4 dxe4 14. Qe2 Qxd4 15.
Rad1 Qe5 16. Bf4 Qf5 17. Qxc4 Rac8 18. Qe2 Bb4 19. a3 Bxc3 20. bxc3 Bb5 21. Qe3
Bd3 22. Bg5 Nd5 23. Qd4 Qxg5 24. Rxd3 exd3 25. Bxd5 d2 26. Rd1 Rfd8 27. c4 b5
28. Rxd2 bxc4 29. Qe4 Qxd2 0-1

[Event "Titled Tue 24th Jun Early"]
[Site "chess.com INT"]
[Date "2025.06.24"]
[Round "5"]
[White "Hansen, Eric"]
[Black "Saiz Rodriguez, Daniel Evelio"]
[Result "1-0"]
[WhiteTitle "GM"]
[BlackTitle "FM"]
[WhiteElo "2609"]
[BlackElo "2187"]
[WhiteFideId "2606771"]
[BlackFideId "3523420"]
[EventDate "2025.06.24"]

1. e4 c5 2. Nf3 e6 3. g3 Nc6 4. Bg2 e5 5. O-O g6 6. d3 Bg7 7. c3 Nge7 8. a3 a5
9. a4 O-O 10. Na3 d5 11. exd5 Nxd5 12. Re1 h6 13. Nc4 Re8 14. Nfd2 Be6 15. Ne4
Bf8 16. Qb3 Qc7 17. Qb5 b6 18. Nf6+ Nxf6 19. Qxc6 Rac8 20. Qxb6 e4 21. Qxc7 Rxc7
22. Bf4 Ra7 23. Nd6 Bxd6 24. Bxd6 exd3 25. Bxc5 Rc7 26. Bd4 Bb3 27. Bxf6 Rxe1+
28. Rxe1 d2 29. Re8+ 1-0

[Event "Titled Tue 24th Jun Early"]
[Site "chess.com INT"]
[Date "2025.06.24"]
[Round "5"]
[White "Radchenko, Alexey"]
[Black "Nakara Husain"]
[Result "0-1"]
[WhiteTitle "FM"]
[WhiteElo "2290"]
[BlackElo "1713"]
[WhiteFideId "4192362"]
[BlackFideId "25636111"]
[EventDate "2025.06.24"]

1. d4 Nf6 2. Nf3 e6 3. Nbd2 d5 4. e3 Be7 5. Bd3 O-O 6. O-O b6 7. c3 Bb7 8. Qc2
c5 9. b3 Nc6 10. Bb2 Rc8 11. Qb1 Qc7 12. e4 dxe4 13. Nxe4 cxd4 14. Nxf6+ Bxf6
15. Bxh7+ Kh8 16. cxd4 Nb4 17. Be4 Nc2 18. Bxc2 Qxc2 19. Rc1 Qe2 20. Ne5 Be4 21.
Rxc8 Rxc8 22. Qd1 Qxb2 23. Qh5+ Bh7 24. Nxf7+ Kg8 25. Rf1 Rc1 26. Ng5 Rxf1+ 27.
Kxf1 Bd3+ 28. Ke1 Qc1+ 29. Qd1 Qxd1+ 30. Kxd1 Bxg5 0-1

[Event "Titled Tue 24th Jun Early"]
[Site "chess.com INT"]
[Date "2025.06.24"]
[Round "5"]
[White "Lloret Ramis, Juan Jose"]
[Black "Miranda Camus, Joaquin Ignacio"]
[Result "1-0"]
[WhiteTitle "FM"]
[BlackTitle "FM"]
[WhiteElo "2019"]
[BlackElo "2196"]
[WhiteFideId "2204053"]
[BlackFideId "3449300"]
[EventDate "2025.06.24"]

1. d4 c5 2. d5 Nf6 3. c4 g6 4. Nc3 Bg7 5. e4 d6 6. Nf3 O-O 7. Be2 a6 8. a4 Nbd7
9. O-O b6 10. h3 a5 11. Be3 Nb8 12. e5 dxe5 13. Nxe5 Nxd5 14. Qxd5 Qxd5 15. Nxd5
Bxe5 16. Nxb6 Ra6 17. Bxc5 Be6 18. Nd5 Nc6 19. Nxe7+ Nxe7 20. Bxe7 Re8 21. Ba3
Rc8 22. c5 Raa8 23. Rac1 Rab8 24. c6 Bxb2 25. Bxb2 Rxb2 26. Bb5 Rc7 27. Rfd1 Kf8
28. Rd8+ Ke7 29. Ra8 Bd5 30. Rxa5 Kd6 31. Ra8 Bxc6 32. Ra6 1-0

[Event "Titled Tue 24th Jun Early"]
[Site "chess.com INT"]
[Date "2025.06.24"]
[Round "5"]
[White "Milanovic, Vojislav"]
[Black "Kornev, Alexei"]
[Result "1-0"]
[WhiteTitle "IM"]
[BlackTitle "GM"]
[WhiteElo "2293"]
[BlackElo "2500"]
[WhiteFideId "905046"]
[BlackFideId "4120949"]
[EventDate "2025.06.24"]

1. e4 c6 2. d3 d5 3. Nd2 g6 4. Ngf3 Bg7 5. g3 e5 6. Bg2 Ne7 7. O-O O-O 8. Re1 d4
9. a4 h6 10. Nc4 Qc7 11. b3 Be6 12. Ba3 c5 13. Nfd2 Nd7 14. Rf1 f5 15. f4 exf4
16. Rxf4 fxe4 17. Rxf8+ Rxf8 18. Nxe4 Nf5 19. Bh3 b6 20. Qe2 Ne5 21. Nxe5 Qxe5
22. Rf1 Re8 23. Bc1 Bd5 24. Bf4 Qe6 25. Bg2 g5 26. Bd2 Ne3 27. Bxe3 dxe3 28. Kh1
Bd4 29. c3 Bg7 30. c4 Bxe4 31. Bxe4 Bd4 32. Bd5 1-0

[Event "Titled Tue 24th Jun Early"]
[Site "chess.com INT"]
[Date "2025.06.24"]
[Round "5"]
[White "Sarkar, Justin"]
[Black "Mammadzada, Gunay"]
[Result "1-0"]
[WhiteTitle "IM"]
[BlackTitle "IM"]
[WhiteElo "2284"]
[BlackElo "2390"]
[WhiteFideId "2010011"]
[BlackFideId "13403729"]
[EventDate "2025.06.24"]

1. e4 e5 2. Nf3 Nc6 3. Bb5 a6 4. Ba4 Nf6 5. O-O Be7 6. Re1 b5 7. Bb3 O-O 8. c3
d6 9. h3 Bb7 10. d4 Nd7 11. Nbd2 Na5 12. Bc2 c5 13. Nf1 Nc4 14. b3 Ncb6 15. Ne3
exd4 16. cxd4 Rc8 17. Nf5 Re8 18. Nxe7+ Qxe7 19. Bg5 f6 20. Bf4 Nf8 21. e5 Ne6
22. exd6 Qd7 23. Bf5 Bxf3 24. Bxe6+ Rxe6 25. Qxf3 Rxe1+ 26. Rxe1 cxd4 27. Re7
Qf5 28. Qb7 Qxf4 29. Rxg7+ 1-0